[Event "Barcelona Tres Peons op 49th"]
[Site "Barcelona"]
[Date "2020.02.14"]
[Round "6"]
[White "Peiron Lluch, Jose Daniel"]
[Black "Tardio Fran, Emilio"]
[Result "1/2-1/2"]
[WhiteElo "1794"]
[BlackElo "1698"]
[PlyCount "26"]
[EventDate "2020.01.10"]
[EventType "swiss"]
[EventRounds "8"]
[EventCountry "ESP"]
[SourceTitle "CBM 195 Extra"]
[Source "ChessBase"]
[SourceDate "2020.05.31"]
[SourceVersion "1"]
[SourceVersionDate "2020.05.31"]
[SourceQuality "1"]

1. d4 Nf6 2. Bf4 e6 3. e3 b6 4. Nf3 Bb7 5. Bd3 Ne4 6. Nbd2 Nxd2 7. Qxd2 Be7 8. Qe2 d6 9. e4 Nd7 10. a4 a5 11. h3 Nf8 12. Rc1 Ng6 13. Bh2 Nh4 1/2-1/2

[Event "Barcelona Tres Peons op 49th"]
[Site "Barcelona"]
[Date "2020.02.07"]
[Round "5"]
[White "Volart Buil, Jordi"]
[Black "Peiron Lluch, Jose Daniel"]
[Result "1/2-1/2"]
[WhiteElo "1696"]
[BlackElo "1794"]
[PlyCount "32"]
[EventDate "2020.01.10"]
[EventType "swiss"]
[EventRounds "8"]
[EventCountry "ESP"]
[SourceTitle "CBM 195 Extra"]
[Source "ChessBase"]
[SourceDate "2020.05.31"]
[SourceVersion "1"]
[SourceVersionDate "2020.05.31"]
[SourceQuality "1"]

1. d4 d6 2. c4 e5 3. d5 Nf6 4. Nc3 Be7 5. e4 c6 6. Nf3 h6 7. h3 Qc7 8. Be3 Nbd7 9. Rc1 g5 10. g4 Nf8 11. Ne2 Ng6 12. Ng3 Nf4 13. a3 a5 14. Qc2 a4 15. Bxf4 gxf4 16. Nf5 Bxf5 1/2-1/2

[Event "Barcelona op 2nd"]
[Site "Barcelona"]
[Date "2019.11.07"]
[Round "7.3"]
[White "Jose Iraeta, Alexandre"]
[Black "Peiron Lluch, Jose Daniel"]
[Result "1/2-1/2"]
[WhiteElo "1959"]
[BlackElo "1808"]
[PlyCount "50"]
[EventDate "2019.09.26"]
[EventType "swiss"]
[EventRounds "9"]
[EventCountry "ESP"]
[SourceTitle "EXT 2024"]
[Source "ChessBase"]
[SourceDate "2023.10.10"]
[SourceVersion "1"]
[SourceVersionDate "2023.10.10"]
[SourceQuality "1"]

1. d4 d6 2. e4 Nf6 3. Nc3 e5 4. Nge2 Nbd7 5. g3 c6 6. a4 Be7 7. Bg2 h6 8. 0-0 a5 9. h3 Qc7 10. Be3 Nf8 11. Qd2 Ng6 12. Rad1 Bd7 13. Kh2 h5 14. f4 h4 15. g4 exd4 16. Nxd4 Rd8 17. Nf5 Bxf5 18. gxf5 Nf8 19. Qf2 N8d7 20. Rfe1 Nh5 21. Bf3 Nhf6 22. Bd4 Kf8 23. Kh1 Nh5 24. Bxh5 Rxh5 25. Qg1 Rh7 1/2-1/2

[Event "Barcelona op 2nd"]
[Site "Barcelona"]
[Date "2019.10.03"]
[Round "2.5"]
[White "Cano Sevilla, Ivan"]
[Black "Peiron Lluch, Jose Daniel"]
[Result "1-0"]
[WhiteElo "2004"]
[BlackElo "1808"]
[PlyCount "50"]
[EventDate "2019.09.26"]
[EventType "swiss"]
[EventRounds "9"]
[EventCountry "ESP"]
[SourceTitle "EXT 2024"]
[Source "ChessBase"]
[SourceDate "2023.10.10"]
[SourceVersion "1"]
[SourceVersionDate "2023.10.10"]
[SourceQuality "1"]

1. d4 d5 2. e3 e6 3. Bd3 f5 4. Nf3 Nf6 5. c4 c6 6. 0-0 Be7 7. b3 0-0 8. Ba3 Nbd7 9. Bxe7 Qxe7 10. Nc3 Ne4 11. Qc2 g5 12. Nd2 Ndf6 13. f3 Nxc3 14. Qxc3 a5 15. e4 f4 16. a3 h5 17. e5 Ne8 18. b4 Qc7 19. Rfc1 Ng7 20. b5 Bd7 21. cxd5 exd5 22. Qc5 Ne6 23. Qc3 Rac8 24. bxc6 Bxc6 25. Nb3 b6 1-0

[Event "Sant Adria de Besos op-B 3rd"]
[Site "Sant Adria de Besos"]
[Date "2019.08.19"]
[Round "6"]
[White "Peiron Lluch, Jose Daniel"]
[Black "Costa Trave, Jaume"]
[Result "0-1"]
[WhiteElo "1843"]
[BlackElo "1793"]
[PlyCount "98"]
[EventDate "2019.08.14"]
[EventType "swiss"]
[EventRounds "9"]
[EventCountry "ESP"]
[SourceTitle "EXT 2020"]
[Source "ChessBase"]
[SourceDate "2019.10.17"]
[SourceVersion "1"]
[SourceVersionDate "2019.10.17"]
[SourceQuality "1"]

1. d4 d5 2. Bf4 c6 3. e3 Qb6 4. b3 Bf5 5. Nf3 f6 6. Bd3 Bg4 7. h3 Bh5 8. g4 Bf7 9. Nbd2 Nd7 10. c4 e6 11. c5 Qa5 12. a3 Ne7 13. b4 Qd8 14. Nb3 Ng6 15. Bg3 e5 16. Bxg6 hxg6 17. dxe5 fxe5 18. Nxe5 Nxe5 19. Bxe5 d4 20. Nxd4 Qd5 21. Nf3 Qe4 22. Ra2 Bd5 23. Bd4 Qxf3 24. Qxf3 Bxf3 25. g5 0-0-0 26. Kd2 Rd5 27. Rg1 Be7 28. Rg3 Rf5 29. Kd3 Rd8 30. e4 Rf7 31. Ke3 Bh5 32. f4 Bf8 33. Rg1 Rfd7 34. Rd2 b6 35. cxb6 axb6 36. Rc1 Kb7 37. Bc3 c5 38. Rxd7+ Rxd7 39. f5 c4 40. Bd4 b5 41. f6 gxf6 42. Bxf6 Rd3+ 43. Kf2 Rxa3 44. e5 Bxb4 45. e6 Bc5+ 46. Kf1 Re3 47. Re1 Rxe1+ 48. Kxe1 Kc6 49. Kd2 Kd6 0-1

[Event "Barcelona Barri Gotic op 7th"]
[Site "Barcelona"]
[Date "2019.03.05"]
[Round "4.5"]
[White "Peiron Lluch, Jose Daniel"]
[Black "Romero Funieles, Rafael de Jesus"]
[Result "1-0"]
[WhiteElo "1826"]
[BlackElo "1611"]
[PlyCount "79"]
[EventDate "2019.02.12"]
[EventType "swiss"]
[EventRounds "9"]
[EventCountry "ESP"]
[SourceTitle "EXT 2024"]
[Source "ChessBase"]
[SourceDate "2023.10.10"]
[SourceVersion "1"]
[SourceVersionDate "2023.10.10"]
[SourceQuality "1"]

1. d4 c6 2. Bf4 e6 3. Nf3 Nf6 4. c4 Qb6 5. Qb3 Bb4+ 6. Nc3 Nh5 7. Bg3 Nxg3 8. hxg3 d6 9. e3 Nd7 10. Bd3 c5 11. a3 Bxc3+ 12. Qxc3 cxd4 13. exd4 Nf6 14. b4 Bd7 15. 0-0 Rc8 16. Qd2 h6 17. Qf4 0-0 18. Rfe1 Qc7 19. Rac1 Qb8 20. Qh4 Bc6 21. g4 Bxf3 22. gxf3 e5 23. d5 b5 24. cxb5 Nxd5 25. Rxc8 Qxc8 26. g5 Qd8 27. f4 Nxf4 28. Qg4 Qxg5 29. Qxg5 hxg5 30. a4 d5 31. Bf5 f6 32. a5 Rb8 33. Bd7 Kf7 34. Bc6 Ke6 35. b6 axb6 36. a6 Nd3 37. Rb1 e4 38. a7 Rc8 39. a8Q Rxa8 40. Bxa8 1-0

[Event "Barcelona Barri Gotic op 7th"]
[Site "Barcelona"]
[Date "2019.02.19"]
[Round "2.1"]
[White "Peiron Lluch, Jose Daniel"]
[Black "Villar Reymundo, Juan Antonio"]
[Result "0-1"]
[WhiteElo "1826"]
[BlackElo "2250"]
[PlyCount "78"]
[EventDate "2019.02.12"]
[EventType "swiss"]
[EventRounds "9"]
[EventCountry "ESP"]
[SourceTitle "EXT 2024"]
[Source "ChessBase"]
[SourceDate "2023.10.10"]
[SourceVersion "1"]
[SourceVersionDate "2023.10.10"]
[SourceQuality "1"]

1. e4 c5 2. Be2 Nc6 3. d3 g6 4. f4 Bg7 5. c3 d6 6. Nf3 Nf6 7. Na3 0-0 8. 0-0 Rb8 9. Qe1 b5 10. Nc2 b4 11. c4 Bg4 12. Qh4 Qc7 13. f5 Ne5 14. Bh6 b3 15. Bxg7 Kxg7 16. Ne3 Bxf3 17. gxf3 bxa2 18. f4 Nc6 19. Rxa2 Nd4 20. Bd1 e6 21. fxe6 fxe6 22. Rf2 Rf7 23. Rg2 Ng8 24. Qg5 Rbf8 25. Rg4 Qd8 26. Qxd8 Rxd8 27. f5 exf5 28. Nxf5+ Nxf5 29. exf5 Nh6 30. fxg6 hxg6 31. Rg2 Rdf8 32. Be2 Nf5 33. Rf2 Re8 34. b3 Rb7 35. Rb2 Nd4 36. Bd1 Re6 37. Rfd2 Rf7 38. Be2 Re5 39. Bf1 Nf3+ 0-1

[Event "Sant Adria de Besos op-B 1st"]
[Site "Sant Adria de Besos"]
[Date "2017.08.15"]
[Round "7"]
[White "Peiron Lluch, Jose Daniel"]
[Black "Costa Trave, Jaume"]
[Result "0-1"]
[WhiteElo "1792"]
[BlackElo "1745"]
[PlyCount "92"]
[EventDate "2017.08.11"]
[EventType "swiss"]
[EventRounds "9"]
[EventCountry "ESP"]
[SourceTitle "EXT 2019"]
[Source "ChessBase"]
[SourceDate "2018.10.10"]
[SourceVersion "1"]
[SourceVersionDate "2018.10.10"]
[SourceQuality "1"]

1. e4 e5 2. Nf3 d6 3. Bc4 Qe7 4. Nc3 c6 5. d4 h6 6. d5 Nf6 7. h3 Nbd7 8. dxc6 bxc6 9. Qe2 a5 10. a4 Nc5 11. Bd3 Qc7 12. 0-0 Be7 13. Be3 Ne6 14. Qd2 Nh7 15. Bc4 0-0 16. Nh2 Neg5 17. f3 Be6 18. Be2 f5 19. exf5 Bxf5 20. f4 exf4 21. Rxf4 d5 22. Rff1 Rae8 23. Bf4 Bd6 24. Bxd6 Qxd6 25. Bf3 Qc5+ 26. Qf2 Qb4 27. Rae1 Rxe1 28. Qxe1 Qxb2 29. h4 Nxf3+ 30. Rxf3 Qxc2 31. Qe5 Be4 32. Rxf8+ Nxf8 33. Qg3 Qd3 34. Nxe4 Qxe4 35. Ng4 Qg6 36. Qf3 Qd6 37. Qf5 d4 38. Ne5 Qd5 39. g4 c5 40. g5 hxg5 41. Qxg5 d3 42. Ng4 Qd4+ 43. Kg2 d2 44. Nh6+ Kh7 45. Nf5 d1Q 46. Nxd4 Qxd4 0-1

[Event "Barcelona Sant Marti op-B 19th"]
[Site "Barcelona"]
[Date "2017.07.13"]
[Round "1"]
[White "Peiron Lluch, Jose Daniel"]
[Black "Alcala Gonzalez, Cesar"]
[Result "0-1"]
[WhiteElo "1818"]
[BlackElo "1557"]
[PlyCount "84"]
[EventDate "2017.07.13"]
[EventType "swiss"]
[EventRounds "9"]
[EventCountry "ESP"]
[SourceTitle "EXT 2018"]
[Source "ChessBase"]
[SourceDate "2017.10.13"]
[SourceVersion "1"]
[SourceVersionDate "2017.10.13"]
[SourceQuality "1"]

1. d4 f5 2. Nc3 Nf6 3. Bg5 d5 4. e4 dxe4 5. Bc4 Nc6 6. Nge2 Na5 7. Bb3 Nxb3 8. axb3 g6 9. h4 Be6 10. Nf4 Bf7 11. h5 Bg7 12. h6 Bf8 13. d5 Qd7 14. Qd4 Qd6 15. Nb5 Qd8 16. Qa4 c6 17. dxc6 bxc6 18. Nd4 Qd7 19. Nxc6 Rc8 20. Nb4 Qxa4 21. bxa4 a5 22. Bxf6 exf6 23. Nbd5 Bxd5 24. Nxd5 Kf7 25. 0-0-0 Bc5 26. Rd2 Rhe8 27. Rhd1 Bf8 28. Rh1 g5 29. Ne3 Kg6 30. Rd5 Re5 31. Rhd1 Rc5 32. Rxc5 Rxc5 33. Rd5 Rxd5 34. Nxd5 f4 35. c4 Bc5 36. b4 Bxf2 37. b5 f3 38. gxf3 exf3 39. Kd2 g4 40. Ne3 g3 41. b6 g2 42. b7 Bxe3+ 0-1

[Event "Barcelona Sant Marti op-B 16th"]
[Site "Barcelona"]
[Date "2014.07.14"]
[Round "2"]
[White "Castellet Menchon, Didac"]
[Black "Peiron Lluch, Jose Daniel"]
[Result "1/2-1/2"]
[WhiteElo "2080"]
[BlackElo "1990"]
[PlyCount "34"]
[EventDate "2014.07.13"]
[EventType "swiss"]
[EventRounds "9"]
[EventCountry "ESP"]
[SourceTitle "CBM 161 Extra"]
[Source "ChessBase"]
[SourceDate "2014.08.29"]
[SourceVersion "1"]
[SourceVersionDate "2014.08.29"]
[SourceQuality "1"]

1. e4 d5 2. exd5 Nf6 3. d4 Bg4 4. Nf3 Qxd5 5. Nc3 Qh5 6. Bb5+ c6 7. Be2 Nbd7 8. Bf4 e6 9. Ne5 Bxe2 10. Qxe2 Qf5 11. Bg3 h5 12. h3 Bb4 13. 0-0 g5 14. Qd3 Qxd3 15. Nxd3 Bxc3 16. bxc3 Ne4 17. Rfb1 0-0-0 1/2-1/2

[Event "Foment Martinenc op-B 16th"]
[Site "Barcelona"]
[Date "2014.05.31"]
[Round "6"]
[White "Maqueda Berdugo, Francisco"]
[Black "Peiron Lluch, Jose Daniel"]
[Result "0-1"]
[WhiteElo "1800"]
[BlackElo "1975"]
[PlyCount "72"]
[EventDate "2014.04.26"]
[EventType "swiss"]
[EventRounds "9"]
[EventCountry "ESP"]
[SourceTitle "EXT 2015"]
[Source "ChessBase"]
[SourceDate "2014.11.20"]
[SourceVersion "1"]
[SourceVersionDate "2014.11.20"]
[SourceQuality "1"]

1. e4 d5 2. exd5 Nf6 3. d4 Nxd5 4. Nf3 Bg4 5. Be2 e6 6. 0-0 Be7 7. c3 Nc6 8. Bb5 0-0 9. Bd3 Nf6 10. Nbd2 e5 11. h3 Bxf3 12. Qxf3 exd4 13. c4 Ne5 14. Qf5 Nxd3 15. Qxd3 c5 16. Nf3 Re8 17. a3 Bd6 18. Kh1 Qe7 19. Bg5 Qe2 20. Qb3 Qe7 21. Rae1 Qd7 22. Bxf6 gxf6 23. Qd3 Kh8 24. Re4 Rxe4 25. Qxe4 Re8 26. Qh4 Qf5 27. b4 b6 28. Qh6 Bf4 29. Qh4 Bg5 30. Qh5 Qg6 31. Qg4 Re6 32. Qg3 Re7 33. bxc5 bxc5 34. Qd6 Re8 35. Qxc5 Qd3 36. Qxd4 Qxf1+ 0-1